A basic course in probability theory (Record no. 370)

MARC details
000 -LEADER
fixed length control field 00498 a2200181 4500
001 - CONTROL NUMBER
control field 066210
003 - CONTROL NUMBER IDENTIFIER
control field OSt
005 - DATE AND TIME OF LATEST TRANSACTION
control field 20210915153232.0
008 - FIXED-LENGTH DATA ELEMENTS--GENERAL INFORMATION
fixed length control field
082 ## - DEWEY DECIMAL CLASSIFICATION NUMBER
Classification number 519.2
Item number B46B
100 1# - MAIN ENTRY--PERSONAL NAME
Personal name Bhattacharya, Rabindra Nath
245 1# - TITLE STATEMENT
Title A basic course in probability theory
Statement of responsibility, etc by Rabindra Nath Bhattacharya and Edward C. Waymire
260 ## - PUBLICATION, DISTRIBUTION, ETC. (IMPRINT)
Place of publication, distribution, etc New York
Name of publisher, distributor, etc Springer
Date of publication, distribution, etc 2010
300 ## - PHYSICAL DESCRIPTION
Extent 210p.
690 ## - LOCAL SUBJECT ADDED ENTRY--TOPICAL TERM (OCLC, RLIN)
Topical term or geographic name as entry element Probabilities
700 ## - ADDED ENTRY--PERSONAL NAME
Personal name Waymire, Edward C.
942 ## - ADDED ENTRY ELEMENTS (KOHA)
Source of classification or shelving scheme Dewey Decimal Classification
Koha item type Books
Holdings
Withdrawn status Lost status Damaged status Not for loan Collection code Home library Current library Date acquired Source of acquisition Cost, normal purchase price Full call number Barcode Date last seen Price effective from Koha item type
        General Text Book Central University Of Rajasthan Central University Of Rajasthan 07/03/2012 STT 295.00 519.2 B46B 496 21/11/2024 02/09/2020 Books
        General Text Book Central University Of Rajasthan Central University Of Rajasthan 07/03/2012 STT 295.00 519.2 B46B 497 21/11/2024 02/09/2020 Books
        General Text Book Central University Of Rajasthan Central University Of Rajasthan 07/03/2012 STT 295.00 519.2 B46B 498 02/09/2020 02/09/2020 Books